| 000 | 00957nam a2200277 u 4500 | ||
|---|---|---|---|
| 001 | 000041864 | ||
| 005 | 20200120222401.0 | ||
| 008 | 101102s2008 sp gr 000 0 spa d | ||
| 020 | _a9788496822313 | ||
| 041 | 1 |
_a-spa _heng |
|
| 082 | 0 | 4 |
_a323.042 _bH17p _221 |
| 100 | 1 | _aHarty, Siobhán | |
| 245 | 1 | 0 |
_aPor una ciudadanía multinacional / _cSiobhán Harty, Michael Murphy ; traducción: Ricardo García Pérez. |
| 250 | _a1a. ed. | ||
| 260 |
_aMadrid : _b451 Editores, _c2008. |
||
| 300 | _a331 p. | ||
| 490 | 0 | _a451.http.doc | |
| 500 | _aTítulo orginal : In defence of multinational citizenship | ||
| 500 | _aEl ej.1 con N° de acceso 054000085 es de uso exclusivo para consulta en sala. Ubicación: Centro Empresarial El Cubo. | ||
| 650 | 1 | 4 | _aParticipación ciudadana |
| 650 | 2 | 4 | _aDerechos políticos |
| 650 | 2 | 4 | _aDesarrollo participativo |
| 650 | 2 | 4 | _aCiudadanía |
| 700 | 1 | _aMurphy, Michael | |
| 700 | 1 |
_aGarcía Pérez, Ricardo _etr. |
|
| 999 |
_c2586 _d2586 |
||